Herpetology : (Record no. 25579)

MARC details
000 -LEADER
fixed length control field 02560cam a22003737i 4500
001 - CONTROL NUMBER
control field 18123940
003 - CONTROL NUMBER IDENTIFIER
control field OSt
005 - DATE AND TIME OF LATEST TRANSACTION
control field 20211231144816.0
008 - FIXED-LENGTH DATA ELEMENTS--GENERAL INFORMATION
fixed length control field 140422s2014 ne a b 001 0 eng d
010 ## - LIBRARY OF CONGRESS CONTROL NUMBER
LC control number 2013481312
020 ## - INTERNATIONAL STANDARD BOOK NUMBER
International Standard Book Number 9780123869197 (hbk.)
035 ## - SYSTEM CONTROL NUMBER
System control number (OCoLC)ocn839312807
040 ## - CATALOGING SOURCE
Original cataloging agency UKMGB
Language of cataloging eng
Transcribing agency HU
Modifying agency OCLCO
-- YDXCP
-- COO
-- MUU
-- TXI
-- OCLCF
-- IBI
-- DLC
Description conventions rda
042 ## - AUTHENTICATION CODE
Authentication code lccopycat
050 00 - LIBRARY OF CONGRESS CALL NUMBER
Classification number QL641
Item number .V58 2014
082 04 - DEWEY DECIMAL CLASSIFICATION NUMBER
Classification number 597.9
Edition number 23
100 1# - MAIN ENTRY--PERSONAL NAME
Personal name Vitt, Laurie J.,
Relator term author.
9 (RLIN) 26643
245 10 - TITLE STATEMENT
Title Herpetology :
Remainder of title an introductory biology of amphibians and reptiles /
Statement of responsibility, etc. Laurie J. Vitt and Janalee P. Caldwell, Sam Noble Museum and Biology Department, University of Oklahoma, Norman, Oklahoma.
250 ## - EDITION STATEMENT
Edition statement Fourth edition.
264 #1 - PRODUCTION, PUBLICATION, DISTRIBUTION, MANUFACTURE, AND COPYRIGHT NOTICE
Place of production, publication, distribution, manufacture Amsterdam ;
-- Boston :
Name of producer, publisher, distributor, manufacturer Elsevier, AP, Academic Press is an imprint of Elsevier,
Date of production, publication, distribution, manufacture, or copyright notice 2014.
300 ## - PHYSICAL DESCRIPTION
Extent xiv, 757 pages :
Other physical details chiefly color illustrations ;
Dimensions 29 cm
336 ## - CONTENT TYPE
Content type term text
Source rdacontent
337 ## - MEDIA TYPE
Media type term unmediated
Source rdamedia
338 ## - CARRIER TYPE
Carrier type term volume
Source rdacarrier
500 ## - GENERAL NOTE
General note Previous edition: London: Elsevier/Academic, 2009.
504 ## - BIBLIOGRAPHY, ETC. NOTE
Bibliography, etc. note Includes bibliographical references and indexes.
520 3# - SUMMARY, ETC.
Summary, etc. The fourth edition of the textbook Herpetology covers the basic biology of amphibians and reptiles, with updates in nearly every conceptual area. Not only does it serve as a solid foundation for modern herpetology courses, but it is also relevant to courses in ecology, behavior, evolution, systematics, and morphology. Examples taken from amphibians and reptiles throughout the world make this book a useful herpetology textbook in several countries. Naturalists, amateur herpetologists, herpetoculturists, zoo professionals, and many others will find this book readable and full of relevant natural history and distributional information. Amphibians and reptiles have assumed a central role in research because of the diversity of ecological, physiological, morphological, behavioral, and evolutionary patterns they exhibit. This fully revised edition brings the latest research to the reader, ranging over topics in evolution, reproduction, behavior and more, allowing students and professionals to keep current with a quickly moving field --
Assigning source Source other than Library of Congress.
650 #0 - SUBJECT ADDED ENTRY--TOPICAL TERM
Topical term or geographic name entry element Herpetology.
9 (RLIN) 26644
650 #7 - SUBJECT ADDED ENTRY--TOPICAL TERM
Topical term or geographic name entry element Herpetology.
Source of heading or term fast
9 (RLIN) 26644
700 1# - ADDED ENTRY--PERSONAL NAME
Personal name Caldwell, Janalee P.,
Relator term author.
9 (RLIN) 26645
906 ## - LOCAL DATA ELEMENT F, LDF (RLIN)
a 7
b cbc
c copycat
d 2
e ncip
f 20
g y-gencatlg
942 ## - ADDED ENTRY ELEMENTS (KOHA)
Source of classification or shelving scheme Dewey Decimal Classification
Koha item type Books like text book referance book
Suppress in OPAC No
Holdings
Withdrawn status Lost status Source of classification or shelving scheme Damaged status Not for loan Collection code Home library Current library Shelving location Date acquired Total Checkouts Full call number Barcode Date last seen Copy number Price effective from Koha item type
    Dewey Decimal Classification     Reference Wondo Genet Library Wondo Genet Library General Stacks 12/31/2021   597.6 VIT 2014 WGCFNRL00009819 12/31/2021 1 12/31/2021 Books like text book referance book